Riconosci il Pokémon - Quiz n°954 - Statistics

Statistiche generali
  • Questo quiz è stato fatto 2 volte
  • Il punteggio medio è 6 su 10
Statistiche sulle risposte
Indizio Risposta % Corretto
Generazione Nona
100%
Tipo Spettro / Veleno
100%
Altezza 1,4 m
50%
Tasso di cattura 30 (8.8%)
50%
Peso 4,0 kg
50%
Pokémon Crinealato
50%
Tasso di allevamento Lento
50%
Stadio evoluzione Non si evolve
50%
Abilità Paleoattivazione
50%
Sesso Sconosciuto
50%
Nessun quiz corrispondente trovato
Distribuzione punteggi
Percentuale di utenti per punteggio
Percentile per numero di risposta
I tuoi punteggi nel tempo
Non hai fatto questo quiz